Metaphysics: (Record no. 1800)
[ view plain ]
| 000 -LEADER | |
|---|---|
| fixed length control field | 00591cac a22001691u 4500 |
| 008 - FIXED-LENGTH DATA ELEMENTS--GENERAL INFORMATION | |
| fixed length control field | 081221t1952 nyu|||||r|||| 001 0 eng d |
| 010 ## - LIBRARY OF CONGRESS CONTROL NUMBER | |
| LC control number | 52013407 |
| 035 ## - SYSTEM CONTROL NUMBER | |
| System control number | (OCoLC)1018650 |
| 082 ## - DEWEY DECIMAL CLASSIFICATION NUMBER | |
| Classification number | 110 |
| Item number | ARI |
| Edition number | 22 |
| 245 10 - TITLE STATEMENT | |
| Title | Metaphysics: |
| Remainder of title | newly translated as a postscript to natural science, with an analytical index of technical terms/ |
| Statement of responsibility, etc | by Richard Hope. |
| 260 ## - PUBLICATION, DISTRIBUTION, ETC. (IMPRINT) | |
| Place of publication, distribution, etc | New York, |
| Name of publisher, distributor, etc | Columbia University Press, |
| Date of publication, distribution, etc | c.1952. |
| 300 ## - PHYSICAL DESCRIPTION | |
| Extent | xvii, 394 p. |
| Dimensions | 24 cm. |
| 500 ## - GENERAL NOTE | |
| General note | Donations |
| 500 ## - GENERAL NOTE | |
| General note | Donations - Dr. Mostafa Gouda |
| 700 1# - ADDED ENTRY--PERSONAL NAME | |
| Personal name | Hope, Richard, |
| Dates associated with a name | 1895-1955, |
| 9 (RLIN) | 33542 |
| 942 ## - ADDED ENTRY ELEMENTS (KOHA) | |
| Item type | Book - Borrowing |
| Call number prefix | 110ARI |
| Source of classification or shelving scheme | Dewey Decimal Classification |
| Withdrawn status | Item status | Damaged status | Not for loan | Home library | Current library | Shelving location | Date acquired | Source of acquisition | Total Checkouts | Total Renewals | Full call number | Barcode | Date last seen | Date last borrowed | Koha item type |
|---|---|---|---|---|---|---|---|---|---|---|---|---|---|---|---|
| Central Library | Central Library | Lower Floor | 06/12/2014 | Purchase | 9 | 19 | 110 ARI | 000002517 | 15/07/2025 | 23/01/2025 | Book - Borrowing |